| 000 | 00346nam a2200133Ia 4500 | ||
|---|---|---|---|
| 008 | 220204s9999 xx 000 0 und d | ||
| 082 |
_a630*81 _bRIC |
||
| 100 | _aRICHARDSON, Barry A | ||
| 245 | 0 | _aWood preservation | |
| 260 |
_aLondon _bConstruction _c1978 |
||
| 650 | _aWood degradation | ||
| 650 | _aWood preservation technology | ||
| 942 | _cBK | ||
| 999 |
_c32358 _d32358 |
||